• 首页
  • 本馆介绍
  • 公告通知
  • 最新文献
  • 馆藏检索
  • 电子资源
  • 读者导购
  • 参考咨询
  • 我的图书馆
  • 登录
  • 详细信息显示
  • 放入我的书架
  • 预约/预借图书
  • 作者相关作品
  • 分类相关作品
  • 丛书相关作品
  • 出版社相关作品

书目信息

  • 表格格式
  • 工作单格式
  • 卡片格式
题名:
超导应用低温技术
    
 
作者: 王惠龄 , 汪京荣 编著
分册:  
出版信息: 北京   国防工业出版社  2008
页数: 14,341页
开本: 26cm
丛书名: 低温技术与设备丛书
单 册:
中图分类: TB6
科图分类:
主题词: 超导--应用--低温工程 , 超导 , 低温工程
电子资源:
ISBN: 978-7-118-05382-1
000 00994oam2 2200289 45
001 1050663640
005 20100420094433.01
010    @a978-7-118-05382-1@dCNY41.00
100    @a20100408d2008 em y0chiy0120 ea
101 0  @achi
102    @aCN@b110000
105    @aa z 000yy
106    @ar
200 1  @a超导应用低温技术@AChao Dao Ying Yong Di Wen Ji Shu@f王惠龄,汪京荣编著@FWang Hui Ling, Wang Jing Rong Bian Zhu
210    @a北京@c国防工业出版社@d2008
215    @a14,341页@c图,照片@d26cm
225 2  @a低温技术与设备丛书
330    @a本书在著者科学研究和工作实践经验的基础上,为超导应用低温技术崇尚创新,立足于提出自己的思路与观点。全书的体系上力求突出跨学科和实用性的两个特色。
461  0 @12001 @a低温技术与设备丛书
606 0  @a超导@x应用@x低温工程
606 0  @a超导
606 0  @a低温工程
690    @aTB6@v4
701  0 @a王惠龄@AWang Hui Ling@4编著
701  0 @a汪京荣@AWang Jing Rong@4编著
801  0 @aCN@bTANGWEI@c20100420
905    @b0589243-47@dTB6@e208@f5
    
    超导应用低温技术/王惠龄,汪京荣编著.-北京:国防工业出版社,2008
    14,341页:图,照片;26cm.-(低温技术与设备丛书)
    
    
    ISBN 978-7-118-05382-1:CNY41.00
    本书在著者科学研究和工作实践经验的基础上,为超导应用低温技术崇尚创新,立足于提出自己的思路与观点。全书的体系上力求突出跨学科和实用性的两个特色。
●
相关链接 在E读中查询图书 在五车中查询图书 在当当中查询图书 在豆瓣中查询图书


正题名:超导应用低温技术     索取号:TB6/208         预约/预借

序号 登录号 条形码 馆藏地/架位号 状态 备注
1 0589243   205892435   第二样本阅览室/ [索取号:TB6/208] 在馆    
2 0589244   205892444   密集书库/ [索取号:TB6/208] 在馆    
3 0589245   205892453   密集书库/ [索取号:TB6/208] 在馆    
4 0589246   205892462   第三借阅区/ [索取号:TB6/208] 在馆    
5 0589247   205892471   第三借阅区/ [索取号:TB6/208] 在馆    
唐山师范学院图书馆 欢迎您!
大连网信软件有限公司© 版权所有